Responses for Show #9132 - Tuesday, June 25, 2024

Drew Basile game 5.

Contestants

[<< previous game]

Alan Elverum, a senior quality assurance administrator from Henderson, Nevada

Staci Garner, a teacher from Chicago, Illinois

Drew Basile, a graduate student from Birmingham, Michigan (whose 4-day cash winnings total $75,682)

[next game >>]

Jeopardy! Round responses

STARS IN THE MAKING
A-TATTOOED
STATUES & STATUTES
WON'T YOU BE MY NEIGHBOR?
AWARDS & HONORS
SOUNDS LIKE A ROMAN NUMERAL QUANTITY
    $200 17
Ant Man

Alan
    $200 22
Barbie

Drew
    $200 12
a telegraph line

Triple Stumper
    $200 5
the Bronx

Drew
    $200 4
India

Staci
    $200 26
an emcee (MC)

Drew
    $400 18
Jenna Ortega

Alan
    $400 28
Toronto

Alan
    $400 13
Iron Man

Drew
    $400 8
Baja California

Alan
    $400 2
Advanced Placement

Drew
    $400 1
(Drew: What is an ox?)

Elsie (LC)

Drew
Triple Stumper
    $600 19
Elisabeth Moss

Alan
    $600 30
(Captain) Cook

Staci
    $600 14
the Freedom of Information Act

Drew
    $600 9
Laos

Drew
    $600 3
diabetes

Staci
    $600 23
seedy (CD)

Drew
    $800 20
Matthew McConaughey

Staci
    $800 27
sleeves (sleeve tattoos)

Staci
    $800 15
Thomas

Staci
    $800 10
Manitoba

Drew
    $800 6
Clios

Drew
    $800 24
(Drew: Exceed--what is exceed?)

excel (XL)

Drew
Triple Stumper
    $1000 21
Zendaya

Staci
    $3,000 29
(Ken: Alan?)
(Alan: No guess.)

the rose tattoo (a rose)

Alan
    $1000 16
(Staci: Who is Joseph Smith?)

Brigham Young

StaciAlan
    $1000 11
Lorraine

Staci
    $1000 7
the Pritzker

Staci
    $1000 25
ivy (IV)

Alan

Scores at the first commercial break (after clue 15):

Drew Staci Alan
$3,400 $3,600 $400

Scores at the end of the Jeopardy! Round:

Drew Staci Alan
$3,600 $5,800 $1,000

Double Jeopardy! Round responses

LITERARY BADDIES
WE PUT IT IN SPACE
BRITISH TELEVISION
LAMB CHOPS
KINGDOM
COME
    $400 5
(Staci: What is Bag of Bones?)

Misery

DrewStaci
    $400 27
a space shuttle

Drew
    $400 26
a vampire

Alan
    $400 30
a lamb's tail

Staci
    $400 28
England & Scotland

Drew
    $400 29
here

Drew
    $800 9
(Alan: Who is Lemony Snicket?)
...
(Ken: He's the author but the villain is [*].)

Count Olaf

Alan
Triple Stumper
    $800 18
GPS

Drew
    $800 15
The Office

Drew
    $800 25
Thanksgiving

Alan
    $800 10
(Drew: What is Sweden?)
(Alan: What is the Netherlands?)
(Staci: What is Norway?)
...
[Laughter]
(Ken: You were all around it.)

Denmark

DrewStaciAlan
Triple Stumper
    $800 24
approach

Alan
    $1200 8
You

Drew
    $1200 1
Tesla

Alan
    $1200 4
Hugh Laurie

Staci
    $1200 14
the Freemasons

Triple Stumper
    $1200 11
(Drew: What is Peking?)
(Alan: What is Beijing?)
...
(Ken: No longer capital is Nanjing or [*].)

Nanking

DrewAlan
Triple Stumper
    $1200 21
beckon

Staci
    $1600 6
(Drew: What is, uh, Doctor Jekyll and [*]?)
(Ken: Uh, yes, we'll take that, [*] is the alter ego.)

Mr. Hyde

Drew
    $1600 2
(Alan: What is the National Oceanic... um...)

the National Oceanic Atmospheric Administration

Alan
Triple Stumper
    $1600 16
the Bodyguard

Drew
    $1600 19
Kipling

Drew
    $3,000 12
Naples

Drew
    $1600 22
show up for someone or to show them up

Triple Stumper
    $2000 7
Billy Budd

Alan
    $2,000 3
the James Webb Space Telescope

Alan
    $2000 17
Prime Suspect

Alan
    $2000 20
St. Agnes

Triple Stumper
    $2000 13
Benin

Alan
    $2000 23
(Drew: What is impent?)

impend (impending)

Drew
Triple Stumper

Scores at the end of the Double Jeopardy! Round:

Drew Staci Alan
$11,800 $7,400 $7,800

[wagering suggestions for these scores]

Final Jeopardy! Round responses

NATIONAL MONUMENTS
(Ken: [To Alan] O'er the ramparts we watch'd were so gallantly streaming from the national anthem.)
StaciWhat is the Key Bridge?
$4,401
AlanWhat is Fort Mchenry?
$7,001
DrewWhat is Fort Mchenry
$3,801
Fort McHenry

Final scores:

Drew Staci Alan
$15,601 $2,999 $14,801
5-day champion: $91,283 3rd place: $2,000 2nd place: $3,000

Game dynamics:

Coryat scores:

Drew Staci Alan
$10,400 $7,400 $10,800
21 R
(including 1 DD),
5 W
12 R,
3 W
15 R
(including 1 DD),
5 W
(including 1 DD)

Combined Coryat: $28,600

[game clues] [game scores] [suggest correction]

Game tape date: 2024-05-14
The J! Archive is created by fans, for fans. Scraping, republication, monetization, and malicious use prohibited; this site may use cookies and collect identifying information. See terms. The Jeopardy! game show and all elements thereof, including but not limited to copyright and trademark thereto, are the property of Jeopardy Productions, Inc. and are protected under law. This website is not affiliated with, sponsored by, or operated by Jeopardy Productions, Inc. Join the discussion at JBoard.tv.